[Event "ODJM B 2025"]
[Site "Willingen GER"]
[Date "2025.06.11"]
[Round "6"]
[White "Müller, Maximilian"]
[Black "Dintinger, Ata Lucien"]
[Result "1-0"]
[Termination "normal"]
[Board "48"]
[WhiteElo "1745"]
[BlackElo "1557"]
[WhiteClock "00:12:43"]
[BlackClock "00:25:33"]
[PlyCount "73"]
[WhiteFideId "34640282"]
[BlackFideId "34654550"]
[EventCountry "GER"]
[EventRounds "9"]
[EventType "swiss"]
[EventDate "2025.06.07"]

1. e4 {[%clk 01:30:59]} e5 {[%clk 01:30:43]} {[%emt 00:00:18]} 2. Nf3 {[%clk
01:31:25]} {[%emt 00:00:03]} Nc6 {[%clk 01:30:57]} {[%emt 00:00:17]} 3. Bc4
{[%clk 01:31:50]} {[%emt 00:00:05]} Nf6 {[%clk 01:31:00]} {[%emt 00:00:27]} 4.
d4 {[%clk 01:32:14]} {[%emt 00:00:06]} exd4 {[%clk 01:22:47]} {[%emt 00:08:42]}
5. O-O {[%clk 01:32:32]} {[%emt 00:00:12]} Nxe4 {[%clk 01:12:46]} {[%emt
00:10:32]} 6. Re1 {[%clk 01:32:57]} {[%emt 00:00:05]} d5 {[%clk 01:12:58]}
{[%emt 00:00:18]} 7. Bxd5 {[%clk 01:33:24]} {[%emt 00:00:03]} Qxd5 {[%clk
01:12:41]} {[%emt 00:00:47]} 8. Nc3 {[%clk 01:33:49]} {[%emt 00:00:04]} Qf5
{[%clk 01:08:36]} {[%emt 00:04:36]} 9. Nxe4 {[%clk 01:34:12]} {[%emt 00:00:07]}
Be7 {[%clk 01:08:26]} {[%emt 00:00:40]} 10. Bg5 {[%clk 01:31:16]} {[%emt
00:03:25]} O-O {[%clk 01:05:18]} {[%emt 00:03:26]} 11. Bxe7 {[%clk 01:29:54]}
{[%emt 00:02:04]} Nxe7 {[%clk 01:05:38]} {[%emt 00:00:11]} 12. Nxd4 {[%clk
01:24:53]} {[%emt 00:05:31]} Qg6 {[%clk 01:04:22]} {[%emt 00:01:47]} 13. c3
{[%clk 01:15:40]} {[%emt 00:09:43]} Rd8 {[%clk 00:58:25]} {[%emt 00:06:26]} 14.
Qe2 {[%clk 01:12:46]} {[%emt 00:03:23]} Bf5 {[%clk 00:56:13]} {[%emt 00:02:42]}
15. Nc5 {[%clk 01:05:11]} {[%emt 00:08:05]} Nd5 {[%clk 00:47:12]} {[%emt
00:09:31]} 16. Nxf5 {[%clk 00:56:30]} {[%emt 00:09:12]} Qxf5 {[%clk 00:47:23]}
{[%emt 00:00:19]} 17. Nxb7 {[%clk 00:56:10]} {[%emt 00:00:50]} Rdb8 {[%clk
00:46:26]} {[%emt 00:01:27]} 18. Rad1 {[%clk 00:47:48]} {[%emt 00:08:52]} h6
{[%clk 00:45:23]} {[%emt 00:01:33]} 19. Qc4 {[%clk 00:26:28]} {[%emt 00:21:50]}
Rxb7 {[%clk 00:44:33]} {[%emt 00:01:20]} 20. Rxd5 {[%clk 00:26:48]} {[%emt
00:00:10]} Qf6 {[%clk 00:44:40]} {[%emt 00:00:22]} 21. b3 {[%clk 00:26:40]}
{[%emt 00:00:39]} Rd8 {[%clk 00:40:54]} {[%emt 00:04:17]} 22. Rxd8+ {[%clk
00:24:10]} {[%emt 00:02:59]} Qxd8 {[%clk 00:40:59]} {[%emt 00:00:25]} 23. Qe4
{[%clk 00:24:29]} {[%emt 00:00:11]} Rb6 {[%clk 00:40:17]} {[%emt 00:01:12]} 24.
Qc2 {[%clk 00:19:20]} {[%emt 00:05:39]} Rd6 {[%clk 00:39:22]} {[%emt 00:01:25]}
25. g3 {[%clk 00:17:41]} {[%emt 00:02:09]} Rd2 {[%clk 00:38:17]} {[%emt
00:01:35]} 26. Re8+ {[%clk 00:17:53]} {[%emt 00:00:18]} Qxe8 {[%clk 00:38:33]}
{[%emt 00:00:14]} 27. Qxd2 {[%clk 00:18:19]} {[%emt 00:00:04]} Qc6 {[%clk
00:37:57]} {[%emt 00:01:05]} 28. c4 {[%clk 00:18:14]} {[%emt 00:00:35]} g5
{[%clk 00:36:00]} {[%emt 00:02:27]} 29. Qd8+ {[%clk 00:17:29]} {[%emt
00:01:15]} Kg7 {[%clk 00:36:13]} {[%emt 00:00:18]} 30. Qd4+ {[%clk 00:17:39]}
{[%emt 00:00:21]} Kg6 {[%clk 00:36:00]} {[%emt 00:00:42]} 31. Qxa7 {[%clk
00:17:42]} {[%emt 00:00:27]} Qe4 {[%clk 00:35:01]} {[%emt 00:01:30]} 32. h3
{[%clk 00:14:07]} {[%emt 00:04:04]} c6 {[%clk 00:33:24]} {[%emt 00:02:07]} 33.
Kh2 {[%clk 00:13:02]} {[%emt 00:01:34]} Qe2 {[%clk 00:32:23]} {[%emt 00:01:31]}
34. a4 {[%clk 00:12:53]} {[%emt 00:00:39]} Qb2 {[%clk 00:30:21]} {[%emt
00:02:31]} 35. Qe3 {[%clk 00:13:16]} {[%emt 00:00:08]} Kf5 {[%clk 00:27:15]}
{[%emt 00:03:37]} 36. Kg2 {[%clk 00:12:28]} {[%emt 00:01:18]} Qe5 {[%clk
00:25:33]} {[%emt 00:02:11]} 37. Qf3+ {[%clk 00:12:43]} {[%emt 00:00:16]} 1-0

[Event "ODJM B 2025"]
[Site "Willingen GER"]
[Date "2025.06.11"]
[Round "6"]
[White "Hantke, Karl"]
[Black "Frank, Carolin"]
[Result "1-0"]
[Termination "normal"]
[Board "49"]
[WhiteElo "1666"]
[BlackElo "1724"]
[WhiteClock "01:20:08"]
[BlackClock "00:04:55"]
[PlyCount "60"]
[WhiteFideId "34640827"]
[BlackFideId "16207190"]
[EventCountry "GER"]
[EventRounds "9"]
[EventType "swiss"]
[EventDate "2025.06.07"]

1. e4 {[%clk 01:30:57]} {[%emt 00:00:03]} c6 {[%clk 01:30:48]} {[%emt
00:00:13]} 2. Nf3 {[%clk 01:31:23]} {[%emt 00:00:05]} d5 {[%clk 01:30:51]}
{[%emt 00:00:26]} 3. d3 {[%clk 01:31:48]} {[%emt 00:00:05]} dxe4 {[%clk
01:27:39]} {[%emt 00:03:41]} 4. dxe4 {[%clk 01:32:13]} {[%emt 00:00:06]} Qxd1+
{[%clk 01:27:07]} {[%emt 00:01:02]} 5. Kxd1 {[%clk 01:32:38]} {[%emt 00:00:05]}
Bg4 {[%clk 01:23:14]} {[%emt 00:04:23]} 6. Be2 {[%clk 01:33:04]} {[%emt
00:00:04]} e6 {[%clk 01:19:05]} {[%emt 00:04:38]} 7. Nfd2 {[%clk 01:32:59]}
{[%emt 00:00:36]} Bxe2+ {[%clk 01:17:41]} {[%emt 00:01:53]} 8. Kxe2 {[%clk
01:31:45]} {[%emt 00:01:46]} Nf6 {[%clk 01:13:26]} {[%emt 00:04:43]} 9. f3
{[%clk 01:30:43]} {[%emt 00:01:32]} Nbd7 {[%clk 01:09:54]} {[%emt 00:04:02]}
10. Nc4 {[%clk 01:30:20]} {[%emt 00:00:54]} O-O-O {[%clk 00:49:24]} {[%emt
00:20:58]} 11. a4 {[%clk 01:29:00]} {[%emt 00:01:52]} Bc5 {[%clk 00:42:57]}
{[%emt 00:06:57]} 12. Bd2 {[%clk 01:27:26]} {[%emt 00:02:05]} Ne8 {[%clk
00:39:02]} {[%emt 00:04:24]} 13. Nba3 {[%clk 01:26:51]} {[%emt 00:01:05]} Nd6
{[%clk 00:34:57]} {[%emt 00:04:33]} 14. b4 {[%clk 01:26:43]} {[%emt 00:00:40]}
Nxc4 {[%clk 00:31:50]} {[%emt 00:03:37]} 15. Nxc4 {[%clk 01:27:07]} {[%emt
00:00:06]} Be7 {[%clk 00:30:11]} {[%emt 00:02:09]} 16. b5 {[%clk 01:24:50]}
{[%emt 00:02:47]} c5 {[%clk 00:27:01]} {[%emt 00:03:40]} 17. a5 {[%clk
01:24:47]} {[%emt 00:00:34]} Nf6 {[%clk 00:18:41]} {[%emt 00:08:48]} 18. Bf4
{[%clk 01:24:39]} {[%emt 00:00:39]} Ne8 {[%clk 00:18:12]} {[%emt 00:00:58]} 19.
b6 {[%clk 01:22:24]} {[%emt 00:02:46]} a6 {[%clk 00:18:19]} {[%emt 00:00:22]}
20. Rad1 {[%clk 01:22:06]} {[%emt 00:00:49]} Nf6 {[%clk 00:16:53]} {[%emt
00:01:55]} 21. Ne5 {[%clk 01:20:50]} {[%emt 00:01:46]} Rhf8 {[%clk 00:13:54]}
{[%emt 00:03:28]} 22. Rxd8+ {[%clk 01:20:52]} {[%emt 00:00:30]} Bxd8 {[%clk
00:13:30]} {[%emt 00:00:53]} 23. Rd1 {[%clk 01:21:10]} {[%emt 00:00:13]} Nh5
{[%clk 00:12:34]} {[%emt 00:01:25]} 24. Be3 {[%clk 01:20:38]} {[%emt 00:01:03]}
Be7 {[%clk 00:09:07]} {[%emt 00:03:56]} 25. Nd3 {[%clk 01:19:45]} {[%emt
00:01:24]} c4 {[%clk 00:08:38]} {[%emt 00:00:59]} 26. Ne5 {[%clk 01:20:05]}
{[%emt 00:00:09]} c3 {[%clk 00:08:11]} {[%emt 00:00:57]} 27. Rd7 {[%clk
01:20:09]} {[%emt 00:00:27]} Bb4 {[%clk 00:07:55]} {[%emt 00:00:46]} 28. Rc7+
{[%clk 01:19:32]} {[%emt 00:01:08]} Kd8 {[%clk 00:07:00]} {[%emt 00:01:24]} 29.
Rxb7 {[%clk 01:19:51]} {[%emt 00:00:11]} Bxa5 {[%clk 00:04:33]} {[%emt
00:02:56]} 30. Rb8+ {[%clk 01:20:08]} {[%emt 00:00:13]} Ke7 {[%clk 00:04:55]}
{[%emt 00:00:07]} 1-0

[Event "ODJM B 2025"]
[Site "Willingen GER"]
[Date "2025.06.11"]
[Round "6"]
[White "Meyer, Hugo"]
[Black "Stepanjan, Tatevik Mia"]
[Result "1-0"]
[Termination "normal"]
[Board "50"]
[WhiteElo "1591"]
[BlackElo "1604"]
[WhiteClock "00:27:14"]
[BlackClock "00:02:27"]
[PlyCount "135"]
[WhiteFideId "533005249"]
[BlackFideId "16246128"]
[EventCountry "GER"]
[EventRounds "9"]
[EventType "swiss"]
[EventDate "2025.06.07"]

1. e4 {[%clk 01:30:54]} {[%emt 00:00:06]} c5 {[%clk 01:30:54]} {[%emt
00:00:06]} 2. b4 {[%clk 01:31:13]} {[%emt 00:00:11]} b6 {[%clk 01:29:05]}
{[%emt 00:02:19]} 3. bxc5 {[%emt 00:02:22]} bxc5 {[%clk 01:29:18]} {[%emt
00:00:15]} 4. g3 {[%clk 01:29:05]} {[%emt 00:00:48]} Bb7 {[%clk 01:28:59]}
{[%emt 00:00:49]} 5. Bg2 {[%clk 01:29:17]} {[%emt 00:00:18]} Nf6 {[%clk
01:24:21]} {[%emt 00:05:07]} 6. Nc3 {[%emt 00:01:32]} e6 {[%clk 01:22:36]}
{[%emt 00:02:13]} 7. d3 {[%clk 01:26:25]} {[%emt 00:02:22]} Qc7 {[%clk
01:14:21]} {[%emt 00:08:45]} 8. Bf4 {[%clk 01:24:54]} {[%emt 00:02:01]} Bd6
{[%clk 01:03:33]} {[%emt 00:11:18]} 9. Bxd6 {[%clk 01:21:21]} {[%emt 00:04:03]}
Qxd6 {[%clk 01:03:53]} {[%emt 00:00:10]} 10. Nf3 {[%clk 01:21:37]} {[%emt
00:00:15]} Qc7 {[%clk 01:03:37]} {[%emt 00:00:46]} 11. O-O {[%clk 01:19:13]}
{[%emt 00:02:53]} Nc6 {[%clk 01:00:30]} {[%emt 00:03:38]} 12. Nb5 {[%emt
00:05:19]} Qb8 {[%clk 00:56:16]} {[%emt 00:04:40]} 13. Re1 {[%clk 01:08:17]}
{[%emt 00:06:40]} O-O {[%clk 00:50:54]} {[%emt 00:05:52]} 14. e5 {[%emt
00:04:03]} Nxe5 {[%clk 00:38:21]} {[%emt 00:13:01]} 15. Nxe5 {[%clk 01:03:58]}
{[%emt 00:01:18]} Bxg2 {[%clk 00:38:36]} {[%emt 00:00:15]} 16. Kxg2 {[%clk
01:03:26]} {[%emt 00:01:01]} Qxb5 {[%clk 00:38:48]} {[%emt 00:00:19]} 17. Rb1
{[%clk 00:57:44]} {[%emt 00:06:12]} Qa6 {[%clk 00:38:15]} {[%emt 00:01:03]} 18.
Rb2 {[%clk 00:56:19]} {[%emt 00:01:55]} d6 {[%clk 00:35:45]} {[%emt 00:02:59]}
19. Ng4 {[%clk 00:54:47]} {[%emt 00:02:03]} Nxg4 {[%clk 00:31:56]} {[%emt
00:04:20]} 20. Qxg4 {[%clk 00:55:02]} {[%emt 00:00:14]} Rab8 {[%clk 00:31:46]}
{[%emt 00:00:40]} 21. Reb1 {[%clk 00:54:17]} {[%emt 00:01:16]} Rxb2 {[%clk
00:31:37]} {[%emt 00:00:39]} 22. Rxb2 {[%emt 00:00:12]} Qa3 {[%clk 00:31:46]}
{[%emt 00:00:18]} 23. Rb7 {[%clk 00:52:33]} {[%emt 00:02:35]} Qxa2 {[%clk
00:31:25]} {[%emt 00:00:51]} 24. Qc4 {[%clk 00:44:21]} {[%emt 00:08:41]} Qa5
{[%clk 00:13:25]} {[%emt 00:18:30]} 25. Qb3 {[%clk 00:38:59]} {[%emt 00:05:54]}
h6 {[%clk 00:11:01]} {[%emt 00:02:54]} 26. Rd7 {[%clk 00:30:56]} {[%emt
00:08:32]} Qa6 {[%clk 00:06:35]} {[%emt 00:04:54]} 27. Qb7 {[%clk 00:27:05]}
{[%emt 00:04:23]} Qxb7+ {[%clk 00:05:17]} {[%emt 00:01:49]} 28. Rxb7 {[%clk
00:27:27]} {[%emt 00:00:07]} Ra8 {[%clk 00:03:08]} {[%emt 00:02:39]} 29. Rd7
{[%clk 00:27:19]} {[%emt 00:00:38]} d5 {[%clk 00:03:03]} {[%emt 00:00:35]} 30.
Rc7 {[%clk 00:26:40]} {[%emt 00:01:09]} a5 {[%clk 00:03:21]} {[%emt 00:00:12]}
31. Rxc5 {[%clk 00:26:39]} {[%emt 00:00:31]} a4 {[%clk 00:03:47]} {[%emt
00:00:05]} 32. Rb5 {[%clk 00:26:56]} {[%emt 00:00:13]} a3 {[%clk 00:04:09]}
{[%emt 00:00:08]} 33. Rb1 {[%clk 00:27:19]} {[%emt 00:00:06]} a2 {[%clk
00:04:28]} {[%emt 00:00:12]} 34. Ra1 {[%clk 00:27:43]} {[%emt 00:00:05]} Kf8
{[%clk 00:04:19]} {[%emt 00:00:39]} 35. Kf3 {[%clk 00:28:04]} {[%emt 00:00:09]}
e5 {[%clk 00:04:23]} {[%emt 00:00:26]} 36. Ke3 {[%clk 00:26:42]} {[%emt
00:01:53]} Ke7 {[%clk 00:04:03]} {[%emt 00:00:50]} 37. Kd2 {[%clk 00:24:53]}
{[%emt 00:02:19]} Kd6 {[%clk 00:04:03]} {[%emt 00:00:30]} 38. c3 {[%clk
00:24:21]} {[%emt 00:01:03]} Kc5 {[%clk 00:03:08]} {[%emt 00:01:24]} 39. Kc2
{[%clk 00:24:38]} {[%emt 00:00:13]} f5 {[%clk 00:02:23]} {[%emt 00:01:15]} 40.
Kb3 {[%clk 00:21:11]} {[%emt 00:03:58]} Rb8+ {[%clk 00:02:09]} {[%emt
00:00:44]} 41. Kc2 {[%clk 00:20:44]} {[%emt 00:00:56]} Ra8 {[%clk 00:02:08]}
{[%emt 00:00:31]} 42. Kb3 {[%clk 00:20:52]} {[%emt 00:00:22]} g5 {[%clk
00:00:53]} {[%emt 00:01:44]} 43. Rxa2 {[%clk 00:10:11]} {[%emt 00:11:12]} Rxa2
{[%clk 00:29:38]} {[%emt 00:01:46]} 44. Kxa2 {[%clk 00:40:27]} {[%emt
00:00:14]} e4 {[%clk 00:26:00]} {[%emt 00:04:07]} 45. dxe4 {[%clk 00:39:51]}
{[%emt 00:01:06]} fxe4 {[%clk 00:25:32]} {[%emt 00:00:58]} 46. Kb3 {[%clk
00:35:22]} {[%emt 00:04:59]} d4 {[%clk 00:10:54]} {[%emt 00:15:08]} 47. cxd4+
{[%clk 00:34:10]} {[%emt 00:01:42]} Kxd4 {[%clk 00:11:18]} {[%emt 00:00:06]}
48. Kc2 {[%clk 00:34:11]} {[%emt 00:00:29]} Ke5 {[%clk 00:02:47]} {[%emt
00:09:02]} 49. Kd2 {[%clk 00:32:28]} {[%emt 00:02:13]} Kd4 {[%clk 00:02:07]}
{[%emt 00:01:10]} 50. Ke2 {[%clk 00:32:47]} {[%emt 00:00:12]} g4 {[%clk
00:02:27]} {[%emt 00:00:09]} 51. Kd2 {[%clk 00:32:53]} {[%emt 00:00:25]} Ke5
{[%clk 00:02:02]} {[%emt 00:00:54]} 52. Ke3 {[%clk 00:29:44]} {[%emt 00:03:39]}
h5 {[%clk 00:02:02]} {[%emt 00:00:29]} 53. Kd2 {[%clk 00:28:12]} {[%emt
00:02:03]} Kd4 {[%clk 00:01:37]} {[%emt 00:00:56]} 54. Ke2 {[%clk 00:28:31]}
{[%emt 00:00:11]} Kd5 {[%clk 00:01:56]} {[%emt 00:00:10]} 55. Kd1 {[%clk
00:27:56]} {[%emt 00:01:05]} Ke5 {[%clk 00:01:32]} {[%emt 00:00:55]} 56. Ke1
{[%clk 00:27:51]} {[%emt 00:00:35]} Kd5 {[%clk 00:01:44]} {[%emt 00:00:17]} 57.
Ke2 {[%clk 00:27:55]} {[%emt 00:00:27]} Ke5 {[%clk 00:02:06]} {[%emt 00:00:07]}
58. Ke3 {[%clk 00:28:06]} {[%emt 00:00:19]} Kf5 {[%clk 00:02:22]} {[%emt
00:00:13]} 59. Kd4 {[%clk 00:28:15]} {[%emt 00:00:22]} Kg5 {[%clk 00:02:37]}
{[%emt 00:00:15]} 60. Kxe4 {[%clk 00:28:24]} {[%emt 00:00:20]} h4 {[%clk
00:02:50]} {[%emt 00:00:18]} 61. gxh4+ {[%clk 00:25:55]} {[%emt 00:02:34]} Kxh4
{[%clk 00:03:11]} {[%emt 00:00:33]} 62. Kf4 {[%clk 00:26:16]} {[%emt 00:00:10]}
Kh3 {[%clk 00:03:34]} {[%emt 00:00:07]} 63. Kg5 {[%clk 00:26:31]} {[%emt
00:00:15]} Kg2 {[%clk 00:01:07]} {[%emt 00:02:56]} 64. Kxg4 {[%clk 00:26:52]}
{[%emt 00:00:09]} Kxf2 {[%clk 00:01:17]} {[%emt 00:00:20]} 65. h4 {[%clk
00:27:08]} {[%emt 00:00:14]} Ke3 {[%clk 00:01:40]} {[%emt 00:00:07]} 66. h5
{[%clk 00:27:14]} {[%emt 00:00:25]} Ke4 {[%clk 00:02:03]} {[%emt 00:00:07]} 67.
h6 {[%clk 00:27:03]} {[%emt 00:00:41]} Ke5 {[%clk 00:02:27]} {[%emt 00:00:06]}
68. h7 {[%clk 00:27:14]} {[%emt 00:00:18]} 1-0

[Event "ODJM B 2025"]
[Site "Willingen GER"]
[Date "2025.06.11"]
[Round "6"]
[White "Rotärmel, Leonie"]
[Black "Grunert, Greta"]
[Result "1-0"]
[Termination "normal"]
[Board "51"]
[WhiteElo "1699"]
[BlackElo "1558"]
[WhiteClock "00:27:54"]
[BlackClock "00:15:51"]
[PlyCount "97"]
[WhiteFideId "16281390"]
[BlackFideId "16258649"]
[EventCountry "GER"]
[EventRounds "9"]
[EventType "swiss"]
[EventDate "2025.06.07"]

1. e4 {[%clk 01:30:57]} {[%emt 00:00:02]} c6 {[%clk 01:30:54]} {[%emt
00:00:07]} 2. d4 {[%clk 01:31:22]} {[%emt 00:00:05]} d5 {[%clk 01:31:14]}
{[%emt 00:00:09]} 3. Nc3 {[%clk 01:31:33]} {[%emt 00:00:19]} dxe4 {[%clk
01:31:31]} {[%emt 00:00:14]} 4. Nxe4 {[%clk 01:31:53]} {[%emt 00:00:09]} Bf5
{[%clk 01:31:54]} {[%emt 00:00:07]} 5. Ng3 {[%clk 01:32:18]} {[%emt 00:00:05]}
Bg6 {[%clk 01:32:17]} {[%emt 00:00:07]} 6. Nf3 {[%clk 01:32:21]} {[%emt
00:00:27]} Nd7 {[%clk 01:32:24]} {[%emt 00:00:23]} 7. h4 {[%clk 01:32:40]}
{[%emt 00:00:11]} h6 {[%clk 01:32:35]} {[%emt 00:00:19]} 8. h5 {[%clk
01:32:53]} {[%emt 00:00:17]} Bh7 {[%clk 01:32:56]} {[%emt 00:00:10]} 9. Bd3
{[%clk 01:33:03]} {[%emt 00:00:20]} Bxd3 {[%clk 01:33:00]} {[%emt 00:00:25]}
10. Qxd3 {[%clk 01:33:27]} {[%emt 00:00:06]} Ngf6 {[%clk 01:32:20]} {[%emt
00:01:11]} 11. Bd2 {[%clk 01:33:31]} {[%emt 00:00:25]} e6 {[%clk 01:31:53]}
{[%emt 00:00:57]} 12. O-O-O {[%clk 01:32:07]} {[%emt 00:01:54]} Qc7 {[%clk
01:29:45]} {[%emt 00:02:35]} 13. Ne4 {[%clk 01:26:39]} {[%emt 00:06:00]} Nxe4
{[%clk 01:26:43]} {[%emt 00:03:34]} 14. Qxe4 {[%clk 01:25:11]} {[%emt
00:01:57]} Nf6 {[%clk 01:26:42]} {[%emt 00:00:31]} 15. Qe2 {[%clk 01:25:25]}
{[%emt 00:00:17]} O-O-O {[%clk 01:26:12]} {[%emt 00:00:59]} 16. g3 {[%clk
01:23:26]} {[%emt 00:02:29]} Bd6 {[%clk 01:17:15]} {[%emt 00:09:24]} 17. Kb1
{[%clk 01:17:20]} {[%emt 00:06:38]} Rhe8 {[%clk 01:13:27]} {[%emt 00:04:18]}
18. Ne5 {[%clk 01:03:28]} {[%emt 00:14:23]} Bxe5 {[%clk 01:11:18]} {[%emt
00:02:39]} 19. dxe5 {[%clk 01:02:44]} {[%emt 00:01:14]} Nd7 {[%clk 01:08:56]}
{[%emt 00:02:52]} 20. f4 {[%clk 00:55:45]} {[%emt 00:07:29]} Kb8 {[%clk
00:57:04]} {[%emt 00:12:22]} 21. Qg4 {[%clk 00:50:58]} {[%emt 00:05:16]} Rg8
{[%clk 00:53:08]} {[%emt 00:04:27]} 22. Bb4 {[%clk 00:48:58]} {[%emt 00:02:31]}
c5 {[%clk 00:48:08]} {[%emt 00:05:29]} 23. Bc3 {[%clk 00:45:55]} {[%emt
00:03:32]} Qc6 {[%clk 00:41:10]} {[%emt 00:07:22]} 24. Rhe1 {[%clk 00:42:14]}
{[%emt 00:04:18]} g5 {[%clk 00:31:44]} {[%emt 00:09:56]} 25. hxg6 {[%clk
00:36:14]} {[%emt 00:06:30]} Rxg6 {[%clk 00:31:12]} {[%emt 00:01:02]} 26. Qh4
{[%clk 00:35:15]} {[%emt 00:01:28]} Kc8 {[%clk 00:18:40]} {[%emt 00:13:03]} 27.
Rd6 {[%clk 00:31:34]} {[%emt 00:04:11]} Qc7 {[%clk 00:17:59]} {[%emt 00:01:08]}
28. Red1 {[%clk 00:31:32]} {[%emt 00:00:35]} b6 {[%clk 00:16:18]} {[%emt
00:02:11]} 29. Qh1 {[%clk 00:30:11]} {[%emt 00:01:51]} Rgg8 {[%clk 00:14:21]}
{[%emt 00:02:27]} 30. Rc6 {[%clk 00:29:54]} {[%emt 00:00:46]} Nb8 {[%clk
00:12:42]} {[%emt 00:02:10]} 31. Rxc7+ {[%clk 00:30:06]} {[%emt 00:00:18]} Kxc7
{[%clk 00:13:08]} {[%emt 00:00:04]} 32. Rxd8 {[%clk 00:30:00]} {[%emt
00:00:36]} Rxd8 {[%clk 00:13:34]} {[%emt 00:00:04]} 33. Kc1 {[%clk 00:30:08]}
{[%emt 00:00:22]} Rh8 {[%clk 00:13:21]} {[%emt 00:00:42]} 34. Qh5 {[%clk
00:28:26]} {[%emt 00:02:13]} Rh7 {[%clk 00:13:16]} {[%emt 00:00:35]} 35. g4
{[%clk 00:28:26]} {[%emt 00:00:30]} Rg7 {[%clk 00:13:18]} {[%emt 00:00:28]} 36.
Kd2 {[%clk 00:25:50]} {[%emt 00:03:06]} Nc6 {[%clk 00:13:00]} {[%emt 00:00:47]}
37. Ke3 {[%clk 00:25:56]} {[%emt 00:00:25]} Kd7 {[%clk 00:12:55]} {[%emt
00:00:35]} 38. Kf3 {[%clk 00:26:16]} {[%emt 00:00:10]} Rg6 {[%clk 00:12:58]}
{[%emt 00:00:27]} 39. f5 {[%clk 00:26:08]} {[%emt 00:00:38]} exf5 {[%clk
00:13:12]} {[%emt 00:00:17]} 40. gxf5 {[%clk 00:26:24]} {[%emt 00:00:13]} Rg5
{[%clk 00:13:31]} {[%emt 00:00:11]} 41. Qxf7+ {[%clk 00:26:27]} {[%emt
00:00:26]} Kd8 {[%clk 00:13:34]} {[%emt 00:00:28]} 42. Qd5+ {[%clk 00:26:13]}
{[%emt 00:00:45]} Kc7 {[%clk 00:13:52]} {[%emt 00:00:12]} 43. Qd6+ {[%clk
00:26:37]} {[%emt 00:00:05]} Kb7 {[%clk 00:14:15]} {[%emt 00:00:07]} 44. Qd7+
{[%clk 00:27:01]} {[%emt 00:00:07]} Ka6 {[%clk 00:14:38]} {[%emt 00:00:07]} 45.
Qxc6 {[%clk 00:27:14]} {[%emt 00:00:16]} Rxf5+ {[%clk 00:14:58]} {[%emt
00:00:10]} 46. Ke4 {[%clk 00:27:09]} {[%emt 00:00:35]} Rf2 {[%clk 00:15:13]}
{[%emt 00:00:15]} 47. e6 {[%clk 00:27:05]} {[%emt 00:00:34]} Rxc2 {[%clk
00:15:31]} {[%emt 00:00:12]} 48. Qa4+ {[%clk 00:27:30]} {[%emt 00:00:05]} Kb7
{[%clk 00:15:51]} {[%emt 00:00:11]} 49. Qxc2 {[%clk 00:27:54]} {[%emt
00:00:05]} 1-0